Statistics for USA country quiz

Click here to take the quiz!

General Stats

  • This quiz has been taken 1,605 times
  • The average score is 14 of 16

Answer Stats

HintAnswer% Correct
Capital of the U.S.Washington DC
99%
Northern bordering countryCanada
97%
CurrencyDollar
97%
Most spoken languageEnglish
96%
Largest cityNew York
96%
second most spoken languageSpanish
96%
Only island stateHawaii
95%
National AnimalBald Eagle
92%
Americas largest stateAlaska
91%
Most famous stateCalifornia
90%
Enemy of USARussia
90%
USA borders what two large oceansPacific, Atlantic
88%
National AirlineAmerican
83%
America is know for what sportBasketball
74%
Famous telephone companyApple
50%
USA has more ___ than peopleGuns
43%

Score Distribution

Percentile by Number Answered

Percent of People with Each Score

Your Score History

You have not taken this quiz